000 00930cam a22002531i 4500
003 SA-RiAUC
005 20250705132334.0
008 250704q19001999ku g f000 0 ara c
040 _aEG-CaDAJ
_bara
_cSA-RiAUC
_erda
082 0 4 _a251
090 _a251
_bس ا ن
100 1 _aسانو، قطب مصطفى،
_d1966-
_eمؤلف.
245 1 0 _aقراءات معرفية في الفكر الأصولي /
_cقطب مصطفى سانو.
250 _aالطبعة الأولى,
264 1 _aالكويت :
_bوزارة الأوقاف والشؤون الإسلامية،
_c2007.
300 _a186 صفحة ؛
_c24 سم.
336 _aنص
_btxt
_2rdacontent
_3كتاب
337 _aبدون وسيط
_bn
_2rdamedia
338 _aمجلد
_bnc
_2rdacarrier
490 0 _aروافد ؛
_v2
650 7 _aأصول الفقه الإسلامي
_xفلسفة
_2aucsh
942 _2ddc
_cBOOK
_n0
949 _aSA-JeALM
_d250704
_umohamedma123
_n1
999 _c9494
_d9494